Slovenský rozhlas programové zpravodajstvo
| Format: | Journal |
|---|---|
| Language: | Slovak |
| Published: |
Bratislava
Slovenský rozhlas
1939-1940
|
| Subjects: |
MARC
| LEADER | 00000cas a2200000 a 4500 | ||
|---|---|---|---|
| 001 | vtls001426912 | ||
| 003 | SK-MaSNL | ||
| 005 | 20260228160644.0 | ||
| 008 | 020111d19391940xo wr|p 0 0b0slo | ||
| 035 | |a SNK000381870 | ||
| 040 | |a SNK |b slo |c SNK |e AACR2 | ||
| 041 | 0 | |a slo | |
| 044 | |a xo |c SK | ||
| 080 | |a 654.19 |2 2011 | ||
| 080 | |a 621.396.97 |2 2011 | ||
| 245 | 0 | 0 | |a Slovenský rozhlas |b programové zpravodajstvo |
| 260 | |a Bratislava |b Slovenský rozhlas |c 1939-1940 | ||
| 310 | |a 1x týždenne | ||
| 362 | 0 | |a Roč. 1, č. 1 (2. mar. 1939)-roč. 2, č. 20 (7. mar. 1940) $z Bg. M. Fedor/1969 č.z. 559 | |
| 500 | |a Predošlý vydavateľ v r.1939: Česko-slovenský rozhlas | ||
| 650 | 0 | 7 | |a rozhlasové programy |2 SNKPH |9 68951 |
| 850 | |a Slovenská národná knižnica v Martine | ||
| 910 | |a snk | ||
| 999 | |c 3225 |d 5155 | ||
| 952 | |0 0 |1 0 |4 0 |7 0 |a SNK |b SNK |d 2002-01-11 |l 0 |o snkČSB 285/2/1940 |p 17A0327614 |r 2005-01-02 00:00:00 |t č. 1-20, neúplné |w 2026-02-21 |y PREZ |z Chýba č. 1, 3, 5, 7, 9, 11, 13, 15-19. | ||
| 952 | |0 0 |1 0 |4 0 |7 0 |a SNK |b SNK |d 2002-10-19 |l 0 |o snkČSB 285/1/1939 |p 17A0351984 |r 2005-01-02 00:00:00 |t č. 1-91, neúplné |w 2026-02-21 |y PREZ |z Chýba č. 4-7, 9-11, 13, 14, 16, 18, 19, 21, 23, 25, 27-29, 31, 33, 35, 37, 39, 41, 43, 45, 47-53, 55-56, 58, 60-71, 74, 75, 77, 79, 81, 83, 85-87, 89 | ||


